[Event "Manizales op 26th"]
[Site "Manizales"]
[Date "2017.01.05"]
[Round "3"]
[White "Avila Pavas, Santiago"]
[Black "Rios, David"]
[Result "1-0"]
[WhiteElo "2176"]
[BlackElo "1853"]
[PlyCount "67"]
[EventDate "2017.01.04"]
[EventType "swiss"]
[EventRounds "9"]
[EventCountry "COL"]
[SourceTitle "CBM 176 Extra"]
[Source "ChessBase"]
[SourceDate "2017.03.02"]
[SourceVersion "1"]
[SourceVersionDate "2017.03.02"]
[SourceQuality "1"]

1. e4 e6 2. b3 d5 3. Bb2 dxe4 4. Nc3 Nf6 5. Qe2 Bb4 6. 0-0-0 Bxc3 7. dxc3 Qe7 8. g4 h6 9. Bg2 c6 10. c4 Nbd7 11. h4 e5 12. f3 Nc5 13. g5 Ng8 14. f4 hxg5 15. Bxe5 Ne6 16. fxg5 f5 17. Qe3 Rh7 18. Ne2 Qc5 19. Qxc5 Nxc5 20. h5 Ne6 21. g6 Rh6 22. Rdf1 Ne7 23. Nd4 Nxd4 24. Bxd4 Kf8 25. Bxe4 b6 26. Be3 Rh8 27. Bg5 Bd7 28. Bxe7+ Kxe7 29. Bxf5 Bxf5 30. Rxf5 Raf8 31. Rhf1 Rxf5 32. Rxf5 Rf8 33. Rxf8 Kxf8 34. Kd2 1-0

[Event "Manizales-ch"]
[Site "Manizales"]
[Date "2016.09.06"]
[Round "2"]
[White "Ramirez Arias, Jacobo"]
[Black "Rios, David"]
[Result "0-1"]
[WhiteElo "1281"]
[BlackElo "1873"]
[PlyCount "80"]
[EventDate "2016.09.05"]
[EventType "swiss"]
[EventRounds "9"]
[EventCountry "COL"]
[SourceTitle "CBM 174 Extra"]
[Source "ChessBase"]
[SourceDate "2016.10.10"]
[SourceVersion "1"]
[SourceVersionDate "2016.10.10"]
[SourceQuality "1"]

1. e4 e6 2. Nc3 c6 3. d3 Bb4 4. Nge2 d5 5. a3 Ba5 6. b4 Bb6 7. g3 Qf6 8. d4 Ne7 9. Bg2 Nd7 10. h3 e5 11. Be3 exd4 12. Bxd4 Bxd4 13. Qxd4 Qxd4 14. Nxd4 dxe4 15. Nxe4 0-0 16. Nd6 Nb6 17. Nxc8 Raxc8 18. 0-0 Rfd8 19. Nb3 Nc4 20. Rfe1 Kf8 21. c3 Nd5 22. Nc5 b6 23. Ne4 h6 24. g4 Nf4 25. Bf1 Ne5 26. Red1 Nf3+ 27. Kh1 Ng5 28. Nxg5 hxg5 29. Kh2 Rd5 30. c4 Rxd1 31. Rxd1 Ke7 32. Kg3 Rd8 33. Rxd8 Kxd8 34. h4 f6 35. c5 bxc5 36. bxc5 Ne6 37. Bd3 Nxc5 38. Bg6 gxh4+ 39. Kxh4 Ne6 40. Bf5 g5+ 0-1

[Event "Villamaria op 2nd"]
[Site "Villamaria"]
[Date "2016.07.02"]
[Round "2"]
[White "Torres, Saulo de Jesus"]
[Black "Rios, David"]
[Result "0-1"]
[WhiteElo "1886"]
[BlackElo "1756"]
[PlyCount "84"]
[EventDate "2016.07.02"]
[EventType "swiss"]
[EventRounds "7"]
[EventCountry "COL"]
[SourceTitle "CBM 173 Extra"]
[Source "ChessBase"]
[SourceDate "2016.08.29"]
[SourceVersion "1"]
[SourceVersionDate "2016.08.29"]
[SourceQuality "1"]

1. e4 e6 2. d3 c5 3. Nf3 Nc6 4. g3 d5 5. Nbd2 Bd6 6. Bg2 Nf6 7. 0-0 d4 8. Nc4 e5 9. a4 Bg4 10. h3 Be6 11. Nfd2 Qd7 12. Kh2 g5 13. Qf3 Be7 14. Qe2 h5 15. Nf3 Bxc4 16. dxc4 g4 17. Nh4 0-0-0 18. f4 d3 19. cxd3 Qxd3 20. Qxd3 Rxd3 21. fxe5 Nxe5 22. Bg5 Ng8 23. Bxe7 Nxe7 24. Nf5 N7g6 25. b3 Rd2 26. Kg1 Rhd8 27. h4 R8d3 28. Rab1 Kd7 29. b4 cxb4 30. Rxb4 b6 31. a5 Kc7 32. axb6+ axb6 33. Rfb1 Rd1+ 34. Bf1 Nf3+ 35. Kf2 Rxb1 36. Rxb1 Rd2+ 37. Be2 Nge5 38. Ke3 Rc2 39. Rb4 Rc3+ 40. Kf4 f6 41. Ng7 Nd4 42. Rb2 Nxe2+ 0-1

[Event "Manizales op 21st"]
[Site "Manizales"]
[Date "2009.01.08"]
[Round "1"]
[White "Osorio, Edwin"]
[Black "Rios, David"]
[Result "1-0"]
[WhiteElo "1790"]
[BlackElo "1600"]
[PlyCount "77"]
[EventDate "2009.01.08"]
[EventType "swiss"]
[EventRounds "7"]
[EventCountry "COL"]
[SourceTitle "CBM 128 Extra"]
[Source "ChessBase"]
[SourceDate "2009.03.05"]
[SourceVersion "2"]
[SourceVersionDate "2009.03.25"]
[SourceQuality "1"]

1. e4 e6 2. d3 d5 3. Nd2 Nf6 4. Ngf3 c5 5. g3 Nc6 6. Bg2 d4 7. 0-0 Bd6 8. Qe2 e5 9. a3 Bg4 10. h3 Bxf3 11. Nxf3 h6 12. Nh4 Ne7 13. f4 Qc7 14. Bd2 a5 15. Rae1 Nd7 16. Qg4 g6 17. Qe2 b6 18. Nf3 0-0-0 19. fxe5 Bxe5 20. Nxe5 Nxe5 21. b4 axb4 22. axb4 cxb4 23. Bxb4 N7c6 24. Bd2 h5 25. Bg5 Rd6 26. Rb1 Re8 27. Rb5 Na7 28. Rb3 Rc6 29. c4 dxc3 30. d4 c2 31. Rc1 Nd7 32. Bf4 Qb7 33. e5 Kd8 34. Rc3 Qc8 35. Bxc6 Nxc6 36. Qxc2 Ndb8 37. d5 Qxh3 38. dxc6 Na6 39. Qd3+ 1-0